| 000 | 00845cab a2200241 4500 | ||
|---|---|---|---|
| 001 | ABS53892 | ||
| 008 | 090401t1995 xxu||||| |||| 00| 0 eng d | ||
| 035 | _a(Sirsi) u7203 | ||
| 041 | _aeng | ||
| 100 | _aFleming, D. | ||
| 245 | _aShaking theories | ||
| 260 | _c1995 | ||
| 350 | _a0 | ||
| 490 |
_aNew Civil Engineer _v(1150) 9 November 1995, 12-13(2) |
||
| 520 | _aThe Kobe earthquake has called into question previous beliefs that steel structures were the safest. The UK recession has forced many firms to acquire the skills to satisfy foreign markets and this has included knowledge about earthquake resistant structures. | ||
| 650 | _aEARTHQUAKE RESISTANT STRUCTURES | ||
| 650 | _aEARTHQUAKES | ||
| 650 | _aEUROCODE 8 | ||
| 650 | _aKOBE | ||
| 690 | _aBUILT ENVIRONMENT-CONSTRUCTION DESIGN | ||
| 942 | _n0 | ||
| 948 | _c04/03/1997 | ||
| 999 |
_c4318 _d4318 |
||